Państwa Europy - nazwiska - Statystyki

Ogólne statystyki
  • Ten quiz został rozwiązany 28 razy
  • Średni wynik to 27 z 43
Statystyki odpowiedzi
Nazwiska Ludność Odpowiedź % Poprawnych
Garcia 47163 Hiszpania
95%
De jong Holandia
95%
Garcia 85 Andora
91%
Müller 84316 Niemcy
86%
Nowak Polska
86%
Novák/Nováková Czechy
77%
Papadopoulos Grecja
77%
Murphy Irlandia
77%
Gasperoni San Marino
77%
Hodžić Bośnia i Hercegowina
73%
Jensen Dania
73%
Ivanov/Ivanova 142021 Rosja
73%
Müller 8508 Szwajcaria
73%
Johansson Szwecja
73%
Korhonen Finlandia
68%
Jovanović Serbia
68%
Yilmaz Turcja
68%
Smith Wielka Brytania
68%
Rossi Włochy
68%
Gruber Austria
64%
Knežević Chorwacja
64%
Petrauskas Litwa
64%
Hansen Norwegia
64%
Silva Portugalia
64%
Peeters Belgia
59%
Ivanov/Ivanova 9413 Białoruś
59%
Popović Czarnogóra
59%
Tamm Estonia
59%
Stojanovski Macedonia Północna
59%
Tóth Wegry
59%
Hoxha Albania
55%
Ivanov/Ivanova 6873 Bułgaria
55%
Büchel Liechtenstein
55%
Schmit Luksemburg
50%
Popa Rumunia
50%
Novak Słowenia
50%
Rusu Mołdawia
41%
Martin Francja
36%
Berzina Łotwa
36%
Rossi Monako
36%
Melnik Ukraina
32%
Borg Malta
27%
Varga Słowacja
27%
Nie znaleziono quizów pasujących do podanych kryteriów
Rozkład punktacji
Procent ludzi z każdym wynikiem
Percentyl według liczby udzielonych odpowiedzi
Twoja historia wyników
Nie rozwiązałeś tego quizu